MDQL
is popping MORE tags! Check the
thread
!
Quizzes
Events
Quiz Creation
Community
Videos
Private Events
Remove Ads
Sign In
Join for FREE
Feedback
Dark Mode
Quiz Categories
Sports
Geography
Music
Movies
Television
Just For Fun
Miscellaneous
History
Literature
Language
Science
Gaming
Entertainment
Religion
Holiday
For Kids
Quiz Lab
Recent
Popular Today
Quiz Kudos Today
Editor Picks
Curator Picks
Quizzes by...
Day
Popularity
Type
Ratings
Length
Year
Community
Subscriptions
Recent Discussions
Orange Saloon
Badges
Playlists
Quests
Create
Leaderboards
Showdown
Live 5
Trivia Bingo
Activity
Puzzle Library
Sporcle Events
Private Events
Virtual Trivia
Globe League
Become a Host
Pub Owners
SporcleCon
Opinionation
Our Games
Videos
Blog
Mobile Apps
Partnerships
Remove Ads and Go Orange
Feedback
Literature
Harry Potter
A Song of Ice and Fire
The Hunger Games
Literary Character
Shakespeare
Book
Author
Novel
Poem
Young Adult
Children's Books
Play
Lord of the Rings
Literature
Harry Potter
A Song of Ice and Fire
The Hunger Games
Literary Character
Shakespeare
Book
Author
Novel
Poem
Young Adult
Children's Books
Play
Lord of the Rings
Random Quiz
Search Sporcle
×
Quiz Lab
Quiz Lab
Literature
The Hunger Games
Type in answers that appear in a list
Type in answers that appear in a list
Classic
Best Score? Go Orange.
Hunger Games Characters Stats
Can you name the All of the Hunger Games Characters ?
By
HBiddy
15m
90 Questions
708 Plays
708 Plays
708 Plays
Comments
Comments
Give Quiz Kudos
Give Quiz Kudos
-
- Ratings
hide this ad
Replay
Link that replays current quiz
Next Quiz
Link to next quiz in quiz playlist
You Got
0%
They Got
Avg Score
69%
Avg Friend Score
Upgrade to see
Score Distribution
Jump to the score distribution portion of the page
Score
0/90
Timer
15:00
0
Plays Today
% Correct
Katniss Everdeen
97.2%
Peeta Mellark
95.2%
Primrose Everdeen
93.8%
Gale Hawthorne
92.1%
Haymitch Abernathy
89.4%
Cato
88.7%
Rue
88.6%
Clove
87.9%
Thresh
87.9%
Glimmer
87.7%
President Coriolanus Snow
87%
Mrs. Everdeen
86.7%
Cinna
85.9%
Marvel
85.3%
Finnick Odair
84.7%
Portia
83.5%
Octavia
83.1%
Foxface
83.1%
Beetee
82.9%
Effie Trinket
82.6%
Wiress
82.3%
Mr. Everdeen
82.1%
Hazelle Hawthorne
81.2%
Flavius
80.9%
Mags
80.1%
Annie Cresta
79.9%
Venia
79.8%
Posy Hawthorne
79.4%
President Alma Coin
79.2%
Gloss
78.7%
% Correct
Johanna Mason
78.5%
Mr. Mellark
78.4%
Mrs. Mellark
78.4%
Madge Undersee
78.4%
Cashmere
78.1%
Brutus
77.8%
Greasy Sae
77.5%
Enobaria
77.3%
Rory Hawthorne
77.1%
Darius
76.3%
Mayor Undersee
76%
Boggs
74.4%
Vick Hawthorne
74.2%
Buttercup
72.9%
Chaff
72.9%
Caesar Flickerman
72.5%
Plutarch Heavensbee
72%
Seneca Crane
71.9%
Seeder
71.9%
Leeg 1
70.5%
Pollux
70.3%
Leeg 2
70.3%
Lady
69.4%
Woof
68.8%
Maysilee Donner
67.4%
Cecelia
66.5%
Blight
65.7%
Jackson
64.5%
Claudius Templesmith
64.4%
Castor
63.6%
% Correct
Mrs. Undersee
63.4%
Cressida
62%
Cray
61.7%
Lavinia
61.4%
Tigris
61.3%
Delly Cartwright
61.2%
Bonnie
60.7%
Paylor
60.2%
Lyme
60%
Mitchell
59.9%
Titus
59.7%
Twill
59.7%
Messalla
58.2%
Ripper
57.8%
Romulus Thread
56.2%
Homes
55.1%
Leevy
52.8%
Male Morphling
50.3%
Female Morphling
50.3%
Fulvia Cardew
49.2%
Goat Man
45.8%
Thom
45.6%
Dalton
42.9%
Atala
41.1%
Purnia
40.7%
York
40.5%
Doctor Aurelius
39%
Bristel
38.6%
Eddy
37.6%
Marcus
27.4%
Quiz Playlist
Details
Report
Send in Message
Add To Playlist
Classic:
Type in answers that appear in a list
Last Updated: Feb 16, 2017
Quiz Scoreboard
CHALLENGE
Sign Up to Join the Scoreboard
Show All
Scores
Hide
Comments
May contain spoilers
Recently Published
Two Season TV Shows II
by 123Four
Television
10m
Image Sorting: Flags VI
by Barbecue
Geography
2m
Find the 'City' Movie
by crazypaving
Movies
60s
More to Explore
Quiz From the Vault
Featured Blog Post
14 Easter Pick-up Lines to Find Eggs With
hide this ad
You Might Also Like...
Tags
The Hunger Games Quiz
Today's Top Quizzes in Literature
Browse Literature
hide this ad
Today's Top Quizzes in The Hunger Games
Browse The Hunger Games
Top Contributed Quizzes in Literature
1
Sneaky Slytherin Logic Puzzle
2
Criteria Quiz: Harry Potter Deaths
3
Harry Potter logic puzzle: The Hogwarts Soap Opera
4
Weasley Family Reunion: Logic Puzzle
5
Get The Picture: Black or White Literature
6
'Middle' Earth
7
Harry Potter Slytherin Logic Puzzle
8
Logic Puzzle: Avoid Dumbledore's Army
9
ASOIAF Siblings Logic Puzzle
10
The Men of ASOIAF - Logic Puzzle (Hard)
Explore More
Trending Topics
Harry Potter
Anime
Crossword
Disney
Kpop
Marvel
NBA
Song
WWE
Puzzle
Soccer
NFL
Pokémon
The Office
Country
hide this ad
More By:
HBiddy
Quiz
Plays
Rating
Category
Featured
Created
Hunger Games Characters Quotes
2,278
1.00
Literature
Jun 3, 2011
The Hunger Games Trivia
1,494
2.00
Literature
Jun 1, 2011
Hunger Games Characters
708
3.80
Literature
Jun 15, 2011
Go to Creator's Profile
Score Distribution
Quiz Creator Spotlight
HBiddy
Follow
Send a Message
Quizzes Created
-
Created Quiz Play Count
-
More By This Creator
Popular Quizzes Today
1
Find the US States - No Outlines Minefield
2
Colored Red Africa Blitz
3
Find the 'City' Movie
4
5x2 Blitz: Bands
5
The Countries of the World
6
Find the Countries of Europe - No Outlines Minefield
7
Find the US States
8
US States
More Literature Quizzes
Authors 7-to-1
Published
Trending Quizzes
Colored Red Europe Blitz I
Colored Red Africa Blitz II
Colored Red Europe Blitz II
Colored Red Europe Blitz III
Colored Red Africa Blitz III
Recently Updated
How Do You Spell That?
pecheneg
Godzilla Movies
pecheneg
Grab Bag: 4-10 Letters
pecheneg
2024 March Madness Bracket
pecheneg
Famous TV Couples
Peacemaker
Champions League XIs: Real Madrid
pecheneg
Largest US Cities 1790-2010
pecheneg
Rides in Walt Disney World
pecheneg
Most Oscar Losses (Acting)
pecheneg
Beyoncé Albums
pecheneg
Trending Topics
Anime
Crossword
Kpop
NBA
Disney
Harry Potter
Marvel
Country
Puzzle
WWE
Pokémon
NFL
The Office
Song
Soccer
Your Account Isn't Verified!
In order to create a playlist on Sporcle, you need to verify the email address you used during registration. Go to your
Sporcle Settings
to finish the process.
Report this User
Report this user for behavior that violates our
Community Guidelines
.
Details:
Send Report
Go to the Sporcle.com Mobile Site →
Comments